ბათუმის შოთა რუსთაველის სახელმწიფო უნივერსიტეტის ბიბლიოთეკა

Большая Советская Энциклопедия (ბიბ.ჩანაწერი № 44189)

000 -LEADER
fixed length control field 00782nam a2200217Ia 4500
001 - CONTROL NUMBER
control field 10947
003 - CONTROL NUMBER IDENTIFIER
control field GE_BSU
008 - FIXED-LENGTH DATA ELEMENTS--GENERAL INFORMATION
fixed length control field 181216s||||||||xx |||||||||||||| ||und||
040 ## - CATALOGING SOURCE
Transcribing agency GE_BSU
080 ## - UNIVERSAL DECIMAL CLASSIFICATION NUMBER
Universal Decimal Classification number 031(=161.1)
245 ## - TITLE STATEMENT
Title Большая Советская Энциклопедия
245 ## - TITLE STATEMENT
Remainder of title Томь тридцать четвертый:Конкурс-Крестьянская война.
245 ## - TITLE STATEMENT
Statement of responsibility, etc. Гл. ред.Г.И.Крумин,Ф.Н.Петров.
260 ## - PUBLICATION, DISTRIBUTION, ETC.
Place of publication, distribution, etc. Москва
260 ## - PUBLICATION, DISTRIBUTION, ETC.
Name of publisher, distributor, etc. Огиз РСФСР
260 ## - PUBLICATION, DISTRIBUTION, ETC.
Date of publication, distribution, etc. 1937.
300 ## - PHYSICAL DESCRIPTION
Extent 768стр,илл,26см.
520 ## - SUMMARY, ETC.
Summary, etc. Государственный институт Советская Энциклопедия
653 ## - INDEX TERM--UNCONTROLLED
Uncontrolled term Большая Советская Энциклопедия
942 ## - ADDED ENTRY ELEMENTS (KOHA)
Koha item type წიგნი
ეგზემპლარები
Withdrawn status Lost status Damaged status Not for loan Date acquired Barcode Date last seen Price effective from Koha item type
        2018-12-17 18787 2018-12-17 2018-12-17 წიგნი